| 000 | 00000cam 2200000zi 4500 |
| 001 | 9.963137 |
| 003 | CaOODSP |
| 005 | 20260528084140 |
| 006 | m o d f |
| 007 | cr cn||||||||| |
| 008 | 260528s2009 onc o f000 0 fre d |
| 040 | |aCaOODSP|bfre|erda|cCaOODSP |
| 043 | |an-cn--- |
| 086 | 1 |aT52-4/310-2009F-PDF |
| 245 | 00|aSécurité aérienne - modèle logique de mesure du rendement. |
| 264 | 1|a[Ottawa] : |bTransports Canada = Transport Canada, |c[2009] |
| 300 | |a1 ressource en ligne (1 page) |
| 336 | |atexte|btxt|2rdacontent/fre |
| 337 | |ainformatique|bc|2rdamedia/fre |
| 338 | |aressource en ligne|bcr|2rdacarrier/fre |
| 500 | |aPublié aussi en anglais sous le titre : Aviation safety - performance measurement logic model. |
| 500 | |a« TP 14849F (04/2009). » |
| 500 | |a« TC-1003153. » |
| 650 | 6|aAéronautique|zCanada|xSécurité|xMesures. |
| 710 | 1 |aCanada. |bTransports Canada, |eorganisme de publication. |
| 775 | 08|tAviation safety - performance measurement logic model.|w(CaOODSP)9.961868 |
| 856 | 40|qPDF|s1.44 Mo|uhttps://publications.gc.ca/collections/collection_2026/tc/T52-4-310-2009-fra.pdf |
| 986 | |aTP 14849F |
| 986 | |aTC-1003153 |